| 000 | 00977nam a2200193 i 4500 | ||
|---|---|---|---|
| 001 | 151608 | ||
| 003 | ES-MaACL | ||
| 005 | 20230906204304.0 | ||
| 008 | 931025s1873 sp |||| | spa d | ||
| 110 | 2 |
_aAteneo de Vitoria. _91848 |
|
| 245 | 1 | 0 |
_aMemoria leída en la sesión inaugural del Ateneo de Vitoria, el dia 21 de octubre en el curso de 1873 a 1874 / _cpor Fermín Herrán. |
| 260 |
_aVitoria : _b[s.n., _c1873?] ( _fImpr. de los Hijos de Manteli) |
||
| 300 |
_a14 p. ; _c21 cm. |
||
| 610 | 2 |
_aAteneo de Vitoria- _vMemorias. _9151231 |
|
| 700 | 0 |
_aHerrán, Fermín. _963148 |
|
| 852 |
_aES-MaACL _jT-189-F-2 _z-- Enc. hol. deteriorada _q-- Falta de la cub. original _z-- Enc. en un vol. facticio _x-- Edic.: En los dos ejemplares del Ateneo de Madrid se han corregido a pluma las fechas del título, donde ponía "curso de 1872 a 1873" han puesto "curso de 1873 a 1874" |
||
| 852 |
_aES-MaACL _jT-171-F-18 |
||
| 852 |
_aES-MaACL _jT-187-F-1 _z.- Enc. en un vol. facticio |
||
| 999 |
_c151608 _d151608 |
||